[Event "Stare Mesto FIDE Open"]
[Site "Stare Mesto CZE"]
[Date "2011.08.19"]
[Round "9"]
[White "Kislinsky,A"]
[Black "Vokac,M"]
[Result "1/2-1/2"]
[WhiteElo "2521"]
[BlackElo "2499"]

1.e4 c5 2.Nf3 d6 3.Bb5+ Bd7 4.Bxd7+ Qxd7 5.O-O Nc6 6.c3 Nf6 7.d4 cxd4 8.cxd4 d5
9.e5 Ne4 10.Nbd2 Nxd2 11.Qxd2 e6 12.Qf4 Be7 13.Qg4 g6 14.Bh6 O-O-O 15.Qf4 Bf8
16.Bg5 Be7 17.h4 Bxg5 18.hxg5 Qe7 19.Nh2 h6 20.gxh6 g5 21.Qd2 Rxh6 22.Ng4 Rh4
23.f3 Rdh8 24.a3 Qc7 25.Kf2 Qb6 26.Rac1 Kb8 27.Rc5 Rxg4 28.fxg4 Nxe5 29.Kg1 Nxg4
30.Qxg5 f5 31.Rfc1 Qd6 32.Qh4 Re8 33.Qh7 a6 34.Qc7+ Qxc7 35.Rxc7 e5 36.Rd7 exd4
37.Rxd5 Re2 38.Rxd4 Rxb2 39.Rb4 Ra2 40.Rcb1 b5 41.a4 Ne3 42.R1b2 Rxb2 43.Rxb2 Nc4
44.Rb1 Nd6 45.Kf2 Kc7 46.axb5 axb5 47.Ke3 Kb6 48.Kd4 Ka5 49.Ke5 Nc4+ 50.Kxf5 b4
51.Re1 b3 52.g4 Nd2 53.g5 Nf3 54.Rf1 Nxg5 55.Kxg5 Kb4 56.Kf4 b2 57.Ke3  1/2-1/2

[Event "SS Manhem GM"]
[Site "Gothenburg SWE"]
[Date "2011.08.20"]
[Round "8"]
[White "Hansen,SuB"]
[Black "Berg,E"]
[Result "1/2-1/2"]
[WhiteElo "2574"]
[BlackElo "2604"]

1.e4 c5 2.Nf3 d6 3.Bb5+ Bd7 4.Bxd7+ Qxd7 5.c4 Nf6 6.Nc3 g6 7.O-O Bg7 8.h3 O-O
9.d3 Nc6 10.Be3 Rfc8 11.Qd2 Ne8 12.Bh6 Bh8 13.Nh4 Bf6 14.Bg5 Bg7 15.Bh6 Bf6
16.Nf3 Bh8 17.Nh2 Nd4 18.f4 f5 19.Rae1 Nc7 20.g4 e6 21.Ne2 b5 22.exf5 exf5
23.Nxd4 Bxd4+ 24.Kh1 Rab8 25.b3 a5 26.Nf3 Bf6 27.Qg2 bxc4 28.dxc4 a4 29.Re3 Re8
30.Rd3 axb3 31.axb3 Rb6 32.Rfd1 fxg4 33.hxg4 Ne6 34.f5 Nd4 35.Nxd4 Bxd4 36.Rf1 Qb7
37.Qxb7 Rxb7 38.Rdf3 Kf7 39.Rh3 gxf5 40.Rxf5+ Ke6 41.Bf4 Rg8 42.Rh6+ Rg6
43.Rxg6+ hxg6 44.Rd5 Rb6 45.Kg2 Bf6 46.Bg3 Ra6 47.Kf3 Rb6 48.Kg2 Bg7 49.Bf4 Bd4
50.Bg3 Be3 51.Kf3 Bh6 52.Rd3 Bg7 53.Kf4 Bf6 54.Re3+ Kd7 55.Ke4 Bd4 56.Rd3 Ke6
57.Bf4 Rb8 58.Rh3 Bf6 59.Rd3 Rb6 60.Rh3 Rb4 61.Rd3 Be7 62.Bd2 Rb8 63.Rh3 Rf8
64.Bf4 Rb8 65.Bd2 Ra8 66.Bf4 Ra1 67.Rd3 Rh1 68.Bg3 Rh3 69.Bf4 Rh4 70.Bg3  1/2-1/2

[Event "Ricany Open A"]
[Site "Ricany CZE"]
[Date "2011.08.20"]
[Round "1.52"]
[White "Zvara,D"]
[Black "Bocek,Lukas"]
[Result "1-0"]
[WhiteElo "1979"]
[BlackElo "1645"]

1.e4 c5 2.Nf3 d6 3.Bb5+ Bd7 4.Bxd7+ Nxd7 5.O-O Ngf6 6.Re1 Qc7 7.c3 e5 8.d4 cxd4
9.cxd4 Be7 10.Nc3 O-O 11.Bg5 h6 12.Bh4 Rac8 13.Rc1 Qb6 14.b3 Qb4 15.Qd2 Rc7
16.Nd5 Nxd5 17.Qxb4  1-0

[Event "Botvinnik 100th Open"]
[Site "St Petersburg RUS"]
[Date "2011.08.20"]
[Round "9"]
[White "Kabanov,N"]
[Black "Alexikov,A"]
[Result "1-0"]
[WhiteElo "2520"]
[BlackElo "2353"]

1.e4 c5 2.Nf3 d6 3.Bb5+ Bd7 4.Bxd7+ Qxd7 5.c4 Nc6 6.O-O g6 7.d4 cxd4 8.Nxd4 Bg7
9.Be3 Nf6 10.f3 O-O 11.Nc3 Rfc8 12.b3 Ne8 13.Rc1 Nc7 14.Nde2 b6 15.Qd2 Na6
16.Rfd1 Qb7 17.Nf4 Ne5 18.Nfd5 Re8 19.Nb5 Rac8 20.Bg5 Rcd8 21.b4 Bf8 22.Qc3 Bg7
23.Qa3 Rd7 24.Bxe7 Nxb4 25.Nxd6 Rxd6 26.Bxd6 Nbc6 27.f4 Ng4 28.e5 h5 29.Qf3 Qd7
30.Ba3 Qf5 31.h3 Nh6 32.Nc7  1-0

[Event "17th Vienna Open A"]
[Site "Vienna AUT"]
[Date "2011.08.20"]
[Round "8.27"]
[White "Larsen,Ka"]
[Black "Newrkla,K"]
[Result "1/2-1/2"]
[WhiteElo "2323"]
[BlackElo "2070"]

1.e4 c5 2.Nf3 d6 3.Bb5+ Bd7 4.a4 Nc6 5.O-O Nf6 6.Re1 e6 7.c3 a6 8.Bf1 Rc8
9.Na3 Be7 10.d4 cxd4 11.Nxd4 O-O 12.f3 e5 13.Nxc6 Bxc6 14.c4 a5 15.Nb5 Bxb5
16.axb5 Nd7 17.Be3 Nc5 18.Bxc5 dxc5 19.Qb3 b6 20.Rad1 Qc7 21.Rd5 Rcd8 22.Red1 Rxd5
23.cxd5 Bd6 24.g3 Qe7 25.Bh3 Qg5 26.Kg2 g6 27.Qd3 h5 28.Qd2 Qxd2+  1/2-1/2

[Event "5th Zupanja Open"]
[Site "Zupanja CRO"]
[Date "2011.08.20"]
[Round "7"]
[White "Leventic,I"]
[Black "Jovanovic,Zo CRO"]
[Result "1/2-1/2"]
[WhiteElo "2470"]
[BlackElo "2577"]

1.e4 c5 2.Nf3 d6 3.Bb5+ Bd7 4.Bxd7+ Qxd7 5.O-O Nc6 6.c3 Nf6 7.Re1 e6 8.d4 cxd4
9.cxd4 d5 10.e5 Ne4 11.Nbd2 Nxd2 12.Bxd2 Bb4  1/2-1/2

[Event "Trade Fair Open A"]
[Site "Brno CZE"]
[Date "2011.08.21"]
[Round "1"]
[White "Velicka,P"]
[Black "Musil,Jiri"]
[Result "1-0"]
[WhiteElo "2461"]
[BlackElo "1997"]

1.e4 c5 2.Nf3 d6 3.Bb5+ Bd7 4.Bxd7+ Qxd7 5.c4 Nf6 6.Nc3 Nc6 7.O-O g6 8.d4 cxd4
9.Nxd4 Bg7 10.Nde2 O-O 11.f3 Rac8 12.Be3 b6 13.Qd2 Rfd8 14.Rfd1 Qb7 15.Rab1 Ne5
16.b3 Nfd7 17.Nd5 Nc5 18.Bg5 Re8 19.Nec3 Ne6 20.Bh6 Nd4 21.Kh1 Nec6 22.Bxg7 Kxg7
23.Qe3 e5 24.Qg5 Re6 25.Ne3 Rf8 26.Nf5+ Kh8 27.Qh6 Rg8 28.Nxd4 Nxd4 29.Nb5 g5
30.Qh5 Nxb5 31.cxb5 Reg6 32.Qg4 Rc8 33.Rbc1 Rc5 34.Rxc5 bxc5 35.Qf5 Kg7 36.a4 h6
37.h3 Kf8 38.Qg4 Ke7 39.Rc1 Qd7 40.Rc4 Qxg4 41.hxg4 Rg8 42.Kg1 Kd7 43.Kf2 Kc7
44.Ke2 Rb8 45.Rc3 Rb6 46.b4 c4 47.Rxc4+ Kd7 48.Kd3 Rb7 49.Rc6 Ke6 50.Kc4 Rd7
51.a5  1-0

[Event "1st Metropolitan International"]
[Site "Los Angeles USA"]
[Date "2011.08.21"]
[Round "9"]
[White "Bojkov,D"]
[Black "Molner,M"]
[Result "1-0"]
[WhiteElo "2544"]
[BlackElo "2447"]

1.e4 c5 2.Nf3 d6 3.Bb5+ Nc6 4.O-O Bd7 5.c3 Nf6 6.Re1 a6 7.Ba4 b5 8.Bc2 Bg4
9.a4 Rb8 10.axb5 axb5 11.d4 cxd4 12.cxd4 e5 13.d5 Nd4 14.Nbd2 Nxc2 15.Qxc2 Be7
16.Qd3 Qc8 17.Nb3 Bd8 18.Bg5 O-O 19.Rec1 Qb7 20.Rc6 Bxf3 21.Qxf3 Nxd5 22.Bxd8 Qxc6
23.exd5 Qd7 24.Bg5 f5 25.Bd2 f4 26.Bb4 Ra8 27.Na5 Rae8 28.Re1 Rf6 29.Nb3 Ra8
30.Nd2 Ra4 31.Qc3 f3 32.Nxf3 Qg4 33.Bxd6 Rxd6 34.Qxe5 Rd8 35.Ng5 Raa8 36.d6 Qc4
37.h3 h6 38.Ne6 Rd7 39.Re4 Qc1+ 40.Kh2 Qc6 41.Rd4 Ra6 42.Rd3 Ra8 43.f4 Re8
44.Rg3 Qb7 45.f5 Rf7 46.Rc3 Rc8 47.Rc7 Rcxc7 48.dxc7 b4 49.Nd8 Qxc7 50.Nxf7 Qxf7
51.Qe6 Qxe6 52.fxe6 Kf8 53.Kg3 Ke7 54.Kf4 Kxe6 55.Ke4 h5 56.Kd4 Kf5 57.Kc4 Kf4
58.Kxb4 Kg3 59.Kc4 g5 60.b4 Kxg2 61.b5 Kxh3 62.b6  1-0

[Event "Ricany Open A"]
[Site "Ricany CZE"]
[Date "2011.08.21"]
[Round "2.31"]
[White "Popelka,Pavel"]
[Black "Pychova,Nela"]
[Result "1-0"]
[WhiteElo "1984"]
[BlackElo "1640"]

1.e4 c5 2.Nf3 d6 3.Bb5+ Bd7 4.Nc3 Bxb5 5.Nxb5 Nc6 6.O-O Nf6 7.d3 g6 8.Nc3 Bg7
9.Bg5 O-O 10.Qd2 Nd7 11.Nd5 Re8 12.Rae1 b5 13.Bh6 Bh8 14.c3 a5 15.h4 b4 16.h5 e6
17.Nf4 Nde5 18.Nxe5 dxe5 19.Nh3 Qd7 20.Re3 Red8 21.Rf3 c4 22.hxg6 hxg6 23.Bg5 Rdc8
24.Rd1 bxc3 25.bxc3 Qb7 26.dxc4 Nb8 27.Bh6 Ra7 28.Ng5 Qb6 29.c5 Qc6 30.Qd8+ Qe8
31.Qxe8+ Rxe8 32.Rfd3 Bf6 33.Nf3 Rc7 34.Be3 Na6 35.Rd7 Rec8 36.Ng5 Bxg5 37.Bxg5 Rxd7
38.Rxd7 Nxc5 39.Rd8+ Rxd8 40.Bxd8 a4 41.f3 f5 42.Be7 Nd7 43.Kf2 Kf7 44.Bd6 Ke8
45.Ke3 Kd8 46.Kd3 Kc8 47.exf5 exf5 48.Kc4 Kb7 49.Kb5 e4 50.fxe4 fxe4 51.Kxa4 Kc6
52.Bf4 Kc5 53.Kb3 Nf6 54.Be3+ Kc6 55.Kc4 Nd7 56.Bd4 Nf8 57.a4 Ne6 58.Be3 g5
59.a5 g4 60.a6 Nc7 61.a7 Kb7 62.Bf2 Ka8 63.Kd4 Kxa7 64.Kxe4+ Kb7 65.Kf5 Kc6
66.Kxg4 Kd5 67.Kf5 Kc4 68.Bd4 Nd5 69.g4 Ne7+ 70.Kf6 Nd5+ 71.Kf7 Nf4 72.g5 Kd5
73.g6 Nxg6 74.Kxg6  1-0

[Event "26th Schwarzacher Open"]
[Site "Schwarzach AUT"]
[Date "2011.08.21"]
[Round "2"]
[White "Egle,M"]
[Black "Jens,J"]
[Result "0-1"]
[WhiteElo "2095"]
[BlackElo "2382"]

1.e4 c5 2.Nf3 d6 3.Bb5+ Nd7 4.O-O Nf6 5.Re1 a6 6.Bf1 b5 7.a4 Bb7 8.d3 e5
9.Bg5 Be7 10.Nc3 b4 11.Ne2 Nh5 12.Bxe7 Qxe7 13.Nd2 O-O 14.Nc4 f5 15.Ng3 Nxg3
16.hxg3 Qf6 17.Qd2 Qg6 18.Na5 Bc8 19.c3 bxc3 20.bxc3 Nf6 21.exf5 Bxf5 22.Nc4 Rad8
23.Be2 Kh8 24.Ne3 d5 25.Nxf5 Qxf5 26.Bd1 d4 27.cxd4 Rxd4 28.Qe2 Re8 29.f3 Qg5
30.g4 h5 31.Bb3 hxg4 32.Qe3 Qh4 33.Kf1 Nh5 34.Ke2 gxf3+ 35.gxf3 Qh2+  0-1

[Event "Ricany Open A"]
[Site "Ricany CZE"]
[Date "2011.08.22"]
[Round "4.45"]
[White "Pychova,Nela"]
[Black "Adamik,F"]
[Result "0-1"]
[WhiteElo "1640"]
[BlackElo "1891"]

1.e4 c5 2.Nf3 d6 3.Bb5+ Nd7 4.O-O a6 5.Bxd7+ Qxd7 6.Nc3 b5 7.Nd5 Rb8 8.d3 e6
9.Nc3 b4 10.Ne2 g6 11.a3 a5 12.axb4 axb4 13.c3 Bg7 14.d4 c4 15.Qa4 bxc3 16.bxc3 d5
17.exd5 Qxa4 18.Rxa4 exd5 19.Nf4 Bb7 20.Rb4 Ne7 21.Re1 Kd7 22.Ng5 Bc6 23.Rxb8 Rxb8
24.Ba3 Nf5 25.g4 Rb3 26.Bc5 Bh6 27.Nxf7 Bxf4 28.gxf5 gxf5 29.Re7+ Kc8 30.Nd6+ Kb8
31.Nxf5 Rxc3 32.Rxh7 Rc1+ 33.Kg2 c3 34.Kf3 Bc7 35.Ne3 Ba4 36.h4 Bd1+ 37.Kg2 Bf4
38.Rh8+ Kb7 39.Rh7+ Kc6 40.h5 Bxe3 41.fxe3 Ra1 42.Bb4 c2 43.Bd2 Bxh5 44.Rxh5 Rd1
45.Kf3 Rxd2 46.Rh1 Kb7 47.Rh7+ Kb6 48.Rh6+ Kb5 49.Rh5 c1=Q 50.Rxd5+ Kb4 51.Rc5 Qh1+  0-1

[Event "1st Isthmia Open"]
[Site "Vrachati GRE"]
[Date "2011.08.22"]
[Round "5.6"]
[White "Solak,D"]
[Black "Filippas,S"]
[Result "1-0"]
[WhiteElo "2598"]
[BlackElo "2246"]

1.e4 c5 2.Nf3 d6 3.Bb5+ Nc6 4.O-O Bd7 5.Re1 Nf6 6.c3 a6 7.Bf1 Bg4 8.h3 Bxf3
9.Qxf3 e6 10.d3 Be7 11.Nd2 O-O 12.Qe2 d5 13.g3 Rc8 14.Bg2 Re8 15.Kh2 b5 16.Nf3 c4
17.dxc4 bxc4 18.exd5 exd5 19.Qc2 Bc5 20.Bg5 Rxe1 21.Rxe1 h6 22.Be3 Bxe3 23.Rxe3 Qa5
24.b4 cxb3 25.axb3 Qc5 26.Qf5 Rb8 27.b4 Qd6 28.Qd3 a5 29.bxa5 Nxa5 30.Nh4 Qc5
31.Nf5 Kf8 32.Qa6 Nc4 33.Re2 Qb6 34.Qa4 Qb5 35.Qa7 Rb7 36.Qd4 Qb6 37.Qf4 Rd7
38.Bxd5 Rxd5 39.Qxc4 Qc5 40.Qf4 Rd8 41.Nxh6 Qxc3 42.Nf5 Re8 43.Qd6+ Kg8 44.Ne7+ Kh7
45.Qf4 Qc5 46.Re5 Qxe7 47.Rxe7 Rxe7 48.Qf5+ Kg8 49.Kg2 Re6 50.Qd3 Re8 51.Qd4 Re6
52.g4 g6 53.f3 Kh7 54.Kg3 Kg8 55.Qd8+ Kg7 56.Qd4 Kg8 57.Kh4 Kh7 58.Kg5 Ne8
59.Qd7 Kg7 60.Qd4+ Kh7 61.f4 Ng7 62.Qd7 f6+ 63.Kh4 Kg8 64.Qd5 Kf8 65.Kg3 Ke7
66.Qd4 Kf7 67.Kf3 Kg8 68.Qc4 Kf8 69.Qc8+ Kf7 70.Qd8 Re8 71.Qd5+ Kf8 72.h4 Re6
73.h5 gxh5 74.gxh5 f5 75.Qd8+ Kf7 76.Qg5  1-0

[Event "1st Isthmia Open"]
[Site "Vrachati GRE"]
[Date "2011.08.22"]
[Round "6.30"]
[White "Fragkos,V"]
[Black "Gripeos,K"]
[Result "1-0"]
[WhiteElo "2022"]
[BlackElo "2127"]

1.e4 c5 2.Nf3 d6 3.Bb5+ Bd7 4.Bxd7+ Nxd7 5.O-O Ngf6 6.Re1 e6 7.c3 Be7 8.d4 O-O
9.e5 Ne8 10.exd6 Nxd6 11.d5 exd5 12.Qxd5 Rc8 13.Bg5 Nb6 14.Bxe7 Nxd5 15.Bxd8 Rfxd8
16.Na3 c4 17.g3 Nb6 18.Rad1 Ne8 19.Ne5 Rxd1 20.Rxd1 f6 21.Nf3 Na4 22.Rd7 Rc7
23.Rd8 Kf7 24.Nb5 Re7 25.b3 cxb3 26.axb3 Nc5 27.b4 Ne6 28.Rd3 a6 29.Na3 Rc7
30.c4 b6 31.Nd2 Ke7 32.Ndb1 Rd7 33.Re3 Kf7 34.Nc3 N8c7 35.Na4 b5 36.Nc3 a5
37.Naxb5 axb4 38.Nxc7 Rxc7 39.Nb5 Rd7 40.Rb3 Nd4 41.Rxb4 Ne6 42.Nc3 Rd4 43.Nd5 h5
44.Rb7+ Kf8 45.Ne3 h4 46.Nf5 Rd1+ 47.Kg2 hxg3 48.hxg3 g6 49.Ne3 f5 50.Nxd1  1-0

[Event "4th Jessie Gilbert Open"]
[Site "Coulsdon ENG"]
[Date "2011.08.23"]
[Round "4"]
[White "Willmoth,R"]
[Black "Matuszewski,Mi"]
[Result "0-1"]
[WhiteElo "2163"]
[BlackElo "2325"]

1.e4 c5 2.Nf3 d6 3.Bb5+ Bd7 4.Bxd7+ Qxd7 5.O-O Nc6 6.c3 Nf6 7.d4 Nxe4 8.d5 Ne5
9.Re1 Nxf3+ 10.Qxf3 Nf6 11.Na3 Qg4 12.Qd3 a6 13.Nc4 Rd8 14.Ne3 Qe4 15.Qd1 e5
16.dxe6 fxe6 17.c4 e5 18.f3 Qh4 19.Qa4+ Rd7 20.g3 Qh3 21.b4 cxb4 22.Qxb4 h5
23.Ng2 Be7 24.Qb3 Ng4 25.fxg4 hxg4 26.Nh4 g5 27.Be3 gxh4 28.Bf2 Rf8 29.Qc2 Rf3
30.Rad1 hxg3 31.Bxg3 d5 32.Bxe5 g3 33.Bxg3 Kd8 34.Rxe7 Rxg3+ 35.hxg3 Qxg3+
36.Qg2 Qxg2+ 37.Kxg2 Kxe7 38.cxd5 Kd6 39.Kf3 Re7 40.Rd2 Re5 41.Rb2 b5 42.a4 Kc5
43.axb5 axb5 44.d6 Rd5 45.Rc2+ Kb6 46.Rc1 Rxd6 47.Rb1 Re6 48.Kf2 Re5 49.Kf3 Kc5
50.Kf4 Re8 51.Rc1+ Kb4 52.Rb1+ Kc4 53.Rc1+ Kd3 54.Rb1 Rb8 55.Rb3+ Kc2 56.Ra3 b4
57.Ra2+ Kd3 58.Rb2 Kd4 59.Rb3 Rf8+  0-1

[Event "Malaysian Open"]
[Site "Kuala Lumpur MAS"]
[Date "2011.08.23"]
[Round "7.7"]
[White "Lane,G"]
[Black "Ju Wenjun"]
[Result "1/2-1/2"]
[WhiteElo "2369"]
[BlackElo "2515"]

1.e4 c5 2.Nf3 d6 3.Bb5+ Nc6 4.O-O Bd7 5.Re1 Nf6 6.c3 a6 7.Bf1 Bg4 8.h3 Bxf3
9.Qxf3 g6 10.d3 Bg7 11.Be3 Nd7 12.Nd2 O-O 13.Qe2 b5 14.a3 e5 15.f4 f5 16.g3 Qc7
17.Bg2 Rae8 18.Rf1 Kh8 19.Qf3 Ne7 20.a4 fxe4 21.dxe4 exf4 22.gxf4 d5 23.exd5 Nxd5
24.Qxd5 Rxe3 25.axb5 axb5 26.Ne4 Re2 27.Rad1 Nf6 28.Qxc5 Qb7 29.Nf2 Qb8 30.Nd3 Nh5
31.Bf3 Nxf4 32.Nxf4 Qxf4 33.Bxe2 Qg3+ 34.Kh1 Qxh3+ 35.Kg1 Qg3+  1/2-1/2

[Event "Malaysian Open"]
[Site "Kuala Lumpur MAS"]
[Date "2011.08.23"]
[Round "8.10"]
[White "Lane,G"]
[Black "Gasanov,E"]
[Result "1/2-1/2"]
[WhiteElo "2369"]
[BlackElo "2472"]

1.e4 c5 2.Nf3 d6 3.Bb5+ Nc6 4.O-O Bd7 5.Re1 Nf6 6.c3 a6 7.Bf1 Bg4 8.h3 Bh5
9.g4 Bg6 10.d4 cxd4 11.cxd4 d5 12.exd5 Nxd5 13.Nc3 e6 14.Nxd5 Qxd5 15.Bg2 Bb4
16.Ne5 Qb5 17.a4 Qb6 18.Be3 Nxe5 19.dxe5 Qc7 20.Qc1  1/2-1/2

[Event "Malaysian Open"]
[Site "Kuala Lumpur MAS"]
[Date "2011.08.23"]
[Round "8.6"]
[White "Yu Ruiyuan"]
[Black "Bitoon,R"]
[Result "1/2-1/2"]
[WhiteElo "2431"]
[BlackElo "2491"]

1.e4 c5 2.Nf3 d6 3.Bb5+ Nc6 4.d4 cxd4 5.Qxd4 Qd7 6.Qd3 a6 7.Bxc6 Qxc6 8.O-O Bd7
9.Nc3 Rc8 10.Bf4 Qc4 11.Nd2 Qxd3 12.cxd3 Nf6 13.Rac1 g6 14.Nc4 Bg7 15.h3 Be6
16.Nb6 Rc6 17.Be3 Nd7 18.Nxd7 Bxd7 19.Nd5 e6 20.Nb6 Ke7 21.b4 h6 22.a4 Rd8
23.Rfd1 g5 24.Kf1 Bb2 25.Rc4 Rxc4 26.dxc4 Bc3 27.Bd2 Be5 28.Ke2 Bc6 29.f3 f6
30.Be3 Rb8 31.Kf2 Bc3 32.Rb1 Kd8 33.b5 Be8 34.c5 axb5 35.cxd6 Ba5 36.axb5 Bxb6
37.Bxb6+ Kd7 38.Bc7 Ra8 39.Rb2 e5 40.Kg3 Ke6 41.h4 h5 42.hxg5 fxg5 43.Kf2 Bd7
44.Ke2 Be8 45.Kd3 Ra4 46.Kc3 g4 47.fxg4 hxg4  1/2-1/2

[Event "23rd Porto San Giorgio Open"]
[Site "Porto San Giorgio ITA"]
[Date "2011.08.23"]
[Round "4"]
[White "Korneev,O"]
[Black "Mogranzini,R"]
[Result "1/2-1/2"]
[WhiteElo "2588"]
[BlackElo "2433"]

1.e4 c5 2.Nf3 d6 3.Bb5+ Bd7 4.Bxd7+ Qxd7 5.O-O Nc6 6.c4 g6 7.d4 cxd4 8.Nxd4 Bg7
9.Be3 Nf6 10.Nc3 O-O 11.f3 a6 12.Rc1 Rac8 13.Nxc6 Rxc6 14.Qd3 Rfc8 15.b3  1/2-1/2

[Event "XVI Seahorse Open A"]
[Site "Rewal POL"]
[Date "2011.08.23"]
[Round "4"]
[White "Krupa,M"]
[Black "Reza,W"]
[Result "1-0"]
[WhiteElo "2226"]
[BlackElo "2026"]

1.e4 c5 2.Nf3 d6 3.Bb5+ Bd7 4.Bxd7+ Qxd7 5.O-O Nc6 6.c3 Nf6 7.d4 Nxe4 8.d5 Nd8
9.Re1 Nf6 10.Bg5 e6 11.Bxf6 gxf6 12.Nbd2 Be7 13.c4 O-O 14.Ne4 f5 15.dxe6 fxe6
16.Nxc5 Qc8 17.Nxe6 Nxe6 18.Qd5 Rf7 19.Rxe6 Qc6 20.Qxc6 bxc6 21.Nd4 Rc8 22.Nxf5 Rxf5
23.Rxe7 Rf7 24.Rae1 Kf8 25.Rxf7+ Kxf7 26.f4 d5 27.cxd5 cxd5 28.Kf2 Kf6 29.Re2 h5
30.Kf3 Rc4 31.Re5 Rc2 32.Rxd5 Rxb2 33.Ra5  1-0

[Event "XVI Seahorse Open A"]
[Site "Rewal POL"]
[Date "2011.08.23"]
[Round "4"]
[White "Kasperek,J"]
[Black "Mroziak,M"]
[Result "1/2-1/2"]
[WhiteElo "2025"]
[BlackElo "2153"]

1.e4 c5 2.Nf3 d6 3.Bb5+ Nc6 4.O-O Nf6 5.Re1 Bd7 6.d4 cxd4 7.Nxd4 g6 8.Bxc6 bxc6
9.c4 Bg7 10.Nc3 O-O 11.h3 Qa5 12.Be3 Qb4 13.Qe2 Qb7 14.Qc2 Rfb8 15.Rab1 c5
16.Nde2 Bc6 17.f3 Nd7 18.b3 Nf8 19.Nf4 Ne6 20.Nxe6 fxe6 21.Ne2 Qd7 22.Red1 Qe8
23.Bd2 Qf7 24.Bc3 Bxc3 25.Qxc3 e5 26.Qe3 a5 27.a4 Rb4 28.Rbc1 Rab8 29.Rc3 Qe6
30.Nc1 Kg7  1/2-1/2

[Event "XVI Seahorse Open A"]
[Site "Rewal POL"]
[Date "2011.08.23"]
[Round "4"]
[White "Korosciel,A"]
[Black "Ziebinski,B"]
[Result "0-1"]
[WhiteElo "2066"]
[BlackElo "2003"]

1.e4 c5 2.Nf3 d6 3.Bb5+ Bd7 4.Bxd7+ Qxd7 5.O-O Nc6 6.c3 Nf6 7.Re1 e6 8.d3 Be7
9.a4 O-O 10.Nbd2 Qc7 11.Nf1 d5 12.e5 Nd7 13.Qe2 a6 14.Bf4 b5 15.g3 Nb6 16.axb5 axb5
17.Ne3 Ra7 18.Ng4 Qb7 19.Bg5 Rfa8 20.Rxa7 Rxa7 21.Bxe7 Qxe7 22.Qf1 Ra2 23.Ra1 Ra4
24.Rxa4 Nxa4 25.Qc1 c4 26.Qc2 Nc5 27.d4 Nb3 28.h4 h6 29.Ne3 Qa7 30.Nd2 Qa1+
31.Kg2 Nc1 32.Nb1 Nd3 33.Kf1 Nxb2 34.Ke2 Nd3 35.Nd1 b4 36.cxb4 Ncxb4  0-1

[Event "Ricany Open A"]
[Site "Ricany CZE"]
[Date "2011.08.23"]
[Round "5.22"]
[White "Jonas,Va"]
[Black "Lacina,F1"]
[Result "0-1"]
[WhiteElo "1963"]
[BlackElo "2059"]

1.e4 c5 2.Nf3 d6 3.Bb5+ Bd7 4.Bxd7+ Qxd7 5.c4 Nc6 6.O-O Nf6 7.Nc3 e6 8.d4 cxd4
9.Nxd4 Be7 10.b3 O-O 11.Bb2 a6 12.Re1 Ne8 13.Nxc6 bxc6 14.Qd3 Rd8 15.Rad1 Qb7
16.Qg3 g6 17.Rd3 Ng7 18.Red1 e5 19.c5 Qc7 20.Ba3 dxc5 21.Na4 Ne6 22.Qe3 Qa5
23.g3 Nd4 24.Rc1 Ne6 25.Rcd1 Rxd3 26.Rxd3 Bg5 27.Qe2 Rd8 28.Rxd8+ Bxd8 29.Qd3 Be7
30.Kg2 Nd4 31.Qc4 Ne6 32.Qc2 Nd4 33.Qc4 Ne6 34.Qc2 Qe1 35.Qc4 Nd4 36.Nxc5 Bxc5
37.Qxc5 Qxe4+ 38.Kh3 Ne6 39.Qb6 Ng5+  0-1

[Event "26th Schwarzacher Open"]
[Site "Schwarzach AUT"]
[Date "2011.08.23"]
[Round "4"]
[White "Zelcic,R"]
[Black "Schnegg,A"]
[Result "1-0"]
[WhiteElo "2555"]
[BlackElo "1996"]

1.e4 c5 2.Nf3 d6 3.Bb5+ Bd7 4.Bxd7+ Qxd7 5.O-O Nc6 6.c3 Nf6 7.d4 Nxe4 8.d5 Ne5
9.Re1 Nxf3+ 10.Qxf3 Nf6 11.Na3 O-O-O 12.b4 Qg4 13.Qd3 e6 14.dxe6 fxe6 15.Qb5 Nd5
16.Bd2 g5 17.bxc5 dxc5 18.h3 Qf5 19.Rab1 b6 20.Nc4 Nc7 21.Qa4 b5 22.Rxb5 Nxb5
23.Qxb5 Qd5 24.Rb1 Be7 25.Ne5  1-0

[Event "3rd Senica Open"]
[Site "Senica SVK"]
[Date "2011.08.23"]
[Round "3.2"]
[White "Polacik,I"]
[Black "Andreev,Ed UKR"]
[Result "0-1"]
[WhiteElo "2165"]
[BlackElo "2458"]

1.e4 c5 2.Nf3 d6 3.Bb5+ Nd7 4.O-O a6 5.Bxd7+ Bxd7 6.c4 Nf6 7.Re1 g6 8.b3 Bg7
9.Bb2 O-O 10.Nc3 e5 11.d3 Nh5 12.Nd5 f5 13.Bc1 h6 14.Rb1 b5 15.Nd2 Nf6 16.Ne3 h5
17.f3 h4 18.Qe2 Nh5 19.Nd5 Be6 20.Nf1 Bxd5 21.cxd5 Qf6 22.h3 Kh7 23.Qd2 Nf4
24.Kh2 Bh6 25.Rd1 Bg5 26.Qa5 Qd8 27.Qxd8 Raxd8 28.Bxf4 Bxf4+ 29.Kg1 Kg7 30.Kf2 Rf7
31.Rb2 Kf6 32.a4 Rb7 33.axb5 Rxb5 34.Ra1 a5 35.Ne3 Bxe3+ 36.Kxe3 Rdb8 37.Ra3 Kg5
38.Kd2 Kf4 39.Kc3 Kg3 40.Ra4 Rf8 41.Kc4 Rfb8 42.Raa2 Rb4+ 43.Kc3 Ra8 44.Ra4 Rb5
45.Kc4 Rab8 46.Raa2 f4 47.Ra3 g5 48.Raa2 Rb4+ 49.Kc3 R8b5 50.Ra3 a4 51.Rxa4 Rxa4
52.bxa4 Rxb2 53.Kxb2 Kxg2 54.a5 Kxh3 55.a6 Kg2 56.a7 h3 57.a8=Q h2 58.Qd8 h1=Q
59.Qxd6 Kxf3 60.Qxe5 g4 61.d6 g3 62.d7 g2 63.Qg5 g1=Q 64.Qxg1 Qxg1 65.d8=Q Ke2
66.e5 Qe3 67.Qg5 Qd4+ 68.Ka2 Qd5+ 69.Kb2 f3 70.Qh5 Kxd3 71.Qg6+ Ke3 72.e6 f2
73.Qf6 Qd2+  0-1

[Event "1st Isthmia Open"]
[Site "Vrachati GRE"]
[Date "2011.08.23"]
[Round "7.2"]
[White "Rozentalis,E"]
[Black "Tiviakov,S"]
[Result "0-1"]
[WhiteElo "2571"]
[BlackElo "2623"]

1.e4 c5 2.Nf3 d6 3.Bb5+ Nd7 4.O-O Nf6 5.e5 dxe5 6.Nxe5 a6 7.Bxd7+ Nxd7 8.Qe2 Nxe5
9.Qxe5 Qd4 10.Re1 e6 11.Nc3 Bd7 12.d3 Qxe5 13.Rxe5 f6 14.Re2 Kf7 15.a4 b6
16.Ne4 Rc8 17.Nd2 Be7 18.Nc4 Rc6 19.a5 b5 20.Nb6 Rd8 21.f4 c4 22.dxc4 bxc4
23.c3 Rd6 24.Be3 Bb5 25.Rae1 Rd1 26.Kf2 Rxe1 27.Rxe1 e5 28.fxe5 fxe5 29.Ke2 Ke6
30.Rf1 h5 31.h4 Bxh4 32.Rh1 g5 33.g3 Bxg3 34.Bxg5 Rf8 35.Rxh5 Rf2+ 36.Kd1 Rxb2
37.Rh3 Rg2 38.Bd2 Kf5 39.Nd5 Ke4 40.Nf6+ Kf5 41.Nd5 Kg4 42.Rh1 Bf2 43.Be3 Bc6
44.Bxf2 Rxf2 45.Rg1+ Kf3 46.Nb4 Ba4+ 47.Kc1 e4 48.Nxa6 e3 49.Nc5 e2 50.Re1 Ke3
51.Rxe2+ Rxe2 52.Nxa4 Kd3  0-1

[Event "13th Sants Open"]
[Site "Barcelona ESP"]
[Date "2011.08.24"]
[Round "6"]
[White "Markidis,K"]
[Black "Gopal,G"]
[Result "1/2-1/2"]
[WhiteElo "2330"]
[BlackElo "2576"]

1.e4 c5 2.Nf3 d6 3.Bb5+ Nd7 4.d4 cxd4 5.Qxd4 a6 6.Bxd7+ Bxd7 7.Bg5 Rc8 8.Nc3 h6
9.Bh4 e5 10.Qa7 g5 11.Bg3 Bc6 12.h4 g4 13.Nd2 Nf6 14.h5 Qc7 15.Qe3 b5 16.f4 Bg7
17.a3 O-O 18.fxe5 dxe5 19.Bf2 Qb7 20.Qb6 Qd7 21.O-O-O Qe6 22.Kb1 Ra8 23.Bh4 Nxh5
24.Nb3 Rfb8 25.Rd8+ Rxd8 26.Bxd8 Nf4 27.g3 Ng6 28.Rd1 Bf8 29.Na5 Be8 30.Nd5 Qxb6
31.Bxb6 Bg7 32.Bc7 Rc8 33.Nb7 Bc6 34.Nd6 Bxd5 35.Nxc8 Bxe4 36.Rd8+ Kh7 37.Nd6 Bd5  1/2-1/2

[Event "XVI Seahorse Open A"]
[Site "Rewal POL"]
[Date "2011.08.24"]
[Round "5"]
[White "Krupa,K"]
[Black "Rychlik,H"]
[Result "1/2-1/2"]
[WhiteElo "2035"]
[BlackElo "2081"]

1.e4 c5 2.Nf3 d6 3.Bb5+ Bd7 4.Bxd7+ Qxd7 5.O-O Nc6 6.c3 Nf6 7.d4 cxd4 8.cxd4 d5
9.e5 Ne4 10.Be3 e6 11.Ne1 h6 12.Qh5 g6 13.Qe2 Be7 14.f3 Ng5 15.Nc3 f6 16.Nd3 fxe5
17.Nxe5 Nxe5 18.Bxg5 Nc6 19.Bxe7 Qxe7 20.Rfe1 Kf7 21.Rad1 Rhe8 22.Qd2 Qg5
23.Qf2 Rad8 24.g3 e5 25.dxe5 Rxe5 26.f4 Rxe1+ 27.Rxe1 Qf6 28.Qc5 Qd6 29.Qxd6 Rxd6
30.Kf2 Nb4 31.Rd1 d4 32.Ne4 Rd5 33.a3 Nc6 34.b4 a5 35.b5 Nd8 36.Kf3 Ne6 37.a4 Ke7
38.g4 Rd8 39.f5 gxf5 40.gxf5 Ng5+ 41.Nxg5 hxg5 42.Ke4 Rh8 43.Rd2 Kf6 44.Rxd4 Rh4+
45.Ke3 Rxh2 46.Rd7 Rh4 47.Rxb7 Rxa4 48.Ra7 Kxf5 49.b6 Kg4 50.b7 Rb4 51.Kf2 Rb2+
52.Kf1 Kh4 53.Rxa5 Rxb7 54.Ra2 Rf7+ 55.Kg2 Rf4 56.Rb2 Rg4+ 57.Kh2 Rg3 58.Rb8 Rc3
59.Rb2 Kg4 60.Rg2+ Kf4 61.Rf2+ Rf3 62.Rb2 Kg4 63.Rb4+ Rf4 64.Rb2 Kh4 65.Rc2 Rd4
66.Kg2 Kg4 67.Rb2 Kf4 68.Rf2+ Ke4 69.Re2+ Kf4 70.Rf2+ Kg4 71.Rb2 Kf5 72.Rb5+ Kf4
73.Rb2 Kg4 74.Rc2 Kh4 75.Rb2 Rd3 76.Rc2 Rd4 77.Rb2  1/2-1/2

[Event "XVI Seahorse Open A"]
[Site "Rewal POL"]
[Date "2011.08.24"]
[Round "5"]
[White "Westerinen,H"]
[Black "Kielar,M"]
[Result "1-0"]
[WhiteElo "2355"]
[BlackElo "2138"]

1.e4 c5 2.Nf3 d6 3.Bb5+ Bd7 4.a4 Nf6 5.Qe2 Nc6 6.O-O g6 7.c3 Bg7 8.d4 O-O
9.dxc5 dxc5 10.Bf4 a6 11.Bd3 Bg4 12.Nbd2 Nh5 13.Be3 Ne5 14.Bc2 Qb6 15.Rab1 Rfd8
16.h3 Rxd2 17.Bxd2 Nxf3+ 18.gxf3 Bxh3 19.Rfe1 Be5 20.f4 Bxf4 21.Bxf4 Nxf4
22.Qf3 e5 23.b4 c4 24.Rbd1 Qf6 25.Qg3 h5 26.Kh2 Bg2 27.Rg1 Bf3 28.Rd2 Kg7
29.Qg5 Qe6 30.Qf5 Qe7 31.Qg5 f6 32.Qg3 Bg4 33.f3 Be6 34.Rgd1 h4 35.Qf2 Rc8
36.Qb6 Rc7 37.Rd6 g5 38.a5 Qf7 39.Ba4 Re7 40.Qd8 Nd3 41.Bc2 Re8 42.Qb6 Nf4
43.Ba4 Qh5 44.Qe3 Re7 45.Bd7 Qf7 46.Bxe6 Rxe6 47.Rd8 Nd3 48.Qa7 Re7 49.Qb8 Rc7
50.Rg8+ Qxg8 51.Qxc7+ Qf7 52.Qxf7+ Kxf7 53.Rb1 Ke7 54.b5 Nc5 55.bxa6 bxa6
56.Rb4 Kd7 57.Rxc4 Nb3 58.Rb4 Nxa5 59.Rb6 Nc4 60.Rxa6 Ke7 61.Kg2 Nd2 62.Ra2 Nc4
63.Kf2 f5 64.Ra7+ Ke6 65.Ra6+ Nd6 66.c4 Kd7 67.c5 Nb5 68.exf5 Nc7 69.Rg6 Ne8
70.c6+ Ke7 71.Re6+ Kf7 72.Rxe8 Kxe8 73.c7  1-0